00274nam a22000857a 4500082001800000100003100018245010400049260002500153300001000178 aTNC Q31x5 M88 aMukhopadhyay, Swapna (ed.) aThe poor in asia:bProductivity - raising programmes and strategies ceditor by Swapna Mukhopadhyay aMalaysiabAPDCc1985 a772p.